000
00304nam a22001337a 4500
082
_a
Nimra Ahmad
100
_a
Nimra Ahmad
245
_a
Karakuram ka taj mahal
260
_a
Lahore,
_b
Harf e Taza Publisher
_c
2010
300
_a
320p. :
650
_a
Urdu literature
700
_a
Nimra Ahmad
942
_c
BK
999
_c
11498
_d
11498